Structured analysis and design of information systems
Αποθηκεύτηκε σε:
| Κύριοι συγγραφείς: | , |
|---|---|
| Άλλοι συγγραφείς: | |
| Μορφή: | Βιβλίο |
| Γλώσσα: | English |
| Δημοσίευση: |
New York :
McGraw-Hill,
c1984
|
| Θέματα: | |
| Ετικέτες: |
Προσθήκη ετικέτας
Δεν υπάρχουν, Καταχωρήστε ετικέτα πρώτοι!
|
MARC
| LEADER | 00000cam a2200000 i 4500 | ||
|---|---|---|---|
| 001 | 1/59748 | ||
| 008 | 971209s1984 eng d | ||
| 020 | |a 0070150613 | ||
| 035 | |l 10028594 | ||
| 040 | |a GR-MY-UA |b gre |e aacr | ||
| 041 | 0 | |a eng | |
| 082 | 0 | |a 001.64 |2 (19) | |
| 245 | 1 | 0 | |a Structured analysis and design of information systems / |c K. Wigander ... [et al.] ; adapted by B. Werbell and R. Gibson |
| 260 | |a New York : |b McGraw-Hill, |c c1984 | ||
| 300 | |a ix, 277 p.; |b ill.; |c 24 cm. | ||
| 500 | |a Translation and adaptation of: Strukturerad analys och konstruktion av informationsbehandlingssystem (SAK-modellen). 1979 | ||
| 504 | |a Includes bibliographical references and index | ||
| 650 | 0 | 0 | |a Electronic data processing |x Structured techniques. |
| 650 | 0 | 0 | |a System design. |
| 700 | 1 | |a Wigander, Karl-Olof. | |
| 700 | 1 | |a Werbell, B. (Bent) |4 adp | |
| 700 | 1 | |a Gibson, R. |q (Robert) |4 adp | |
| 852 | |a INST |b CHIOS |e 19971209 |h 001.64 STR |p 005200010240 |q 005200010240 |t BK |y 0 | ||
| 909 | |a Χ |b 005474 | ||